000 00769nam a2200229Ia 4500
003 GCL
008 140319s9999 xx 000 0 ara d
040 _aGCL /
_cGCL
082 0 4 _a301.243
_bم م
100 1 _aمحمد على محمد
245 1 0 _aمجتمع المصنع : دراسة فى علم الاجتماع التنظيمى /
_cمحمد على محمد
300 _a382 ص
490 _a
650 0 4 _aالتكنولوجيا
650 0 4 _aالتغير الاجتماعى
650 0 4 _aالعلاقات الصناعية
650 0 4 _aالادارة الصناعية
650 0 4 _aالاجتماع، علم
650 0 4 _aالاجتماع الصناعى، علم
650 0 4 _aالصناعة - الجوانب الاجتماعية
942 _2ddc
_cBK
999 _c45239
_d45239